Poprzednie kluby reprezentantów Polski - Statystyki

Ogólne statystyki
  • Ten quiz został rozwiązany 183 razy
  • Średni wynik to 8 z 12
Statystyki odpowiedzi
piłkarz poprzedni klub % Poprawnych
Robert Lewandowski Borussia Dortmund
96%
Grzegorz Krychowiak PSG
87%
Wojciech Szczęsny Arsenal
81%
Kamil Glik Torino
78%
Jan Bednarek Lech Poznań
73%
Arkadiusz Milik Ajax Amsterdam
72%
Krzysztof Piątek AC Milan
70%
Bartosz Bereszyński Legia Warszawa
70%
Łukasz Fabiański Swansea
63%
Kamil Grosicki Hull City
61%
Piotr Zieliński Udinese
48%
Maciej Rybus Lyon
35%
Nie znaleziono quizów pasujących do podanych kryteriów
Rozkład punktacji
Procent ludzi z każdym wynikiem
Percentyl według liczby udzielonych odpowiedzi
Twoja historia wyników
Nie rozwiązałeś tego quizu